| 000 | 00435nam a2200169 a 4500 | ||
|---|---|---|---|
| 001 | 5560 | ||
| 003 | CO-ViMGA | ||
| 008 | 141112s2004 ck r 000 u spa d | ||
| 040 |
_aCO-ViMGA _bspa _cCO-ViMGA |
||
| 082 | 0 | 4 | _a616.89 C177 |
| 100 | 1 |
_aCastilla del Pino, Carlos _948852 |
|
| 245 | 1 | 0 | _aIntroducción a la psiquiatrÃa 2 |
| 260 |
_aMadrid : _bAlianza, _c1987 |
||
| 300 | _a526 p : il | ||
| 650 | 1 | 4 | _aPSIQUIATRIA |
| 942 |
_2ddc _cBK |
||
| 999 |
_c17544 _d17544 |
||